| 000 | 01123 a2200241 4500 | ||
|---|---|---|---|
| 001 | 57128 | ||
| 005 | 20260407155834.0 | ||
| 008 | 260407a1992 arg spa d | ||
| 003 | AR-UNSa-BCEJYS | ||
| 040 |
_aAR-UNSa-BCEJYS _bspa _cAR-UNSa-BCEJYS |
||
| 080 |
_a17 _xFilosofía moral. Ética. Filosofía práctica |
||
| 245 | 1 | 0 |
_aCritica de la eficacia _pética, verdad y utopía de un mito contemporáneo |
| 020 | _a950-12-6901-9 | ||
| 264 | 1 |
_aBuenos Aires : _bPaidós _c1992 |
|
| 300 |
_a154 p. _c23 cm. |
||
| 505 | _aPrimera parte. La “lógica de la eficacia”: 1. Lo eficaz es lo verdadero – 2. Lo verdadero es lo justo – 3. Lo eficaz es lo justo – 4. ¡Y sin embargo, funciona! – Segunda parte. Preguntas: 1. Introducción: paradojas e incertidumbres – 2. ¿Se pueden trasladar los modelos? – 3. Vivan los ganadores o como jugar a perdedor-ganador | ||
| 041 | _aspa | ||
| 942 | _cBK | ||
| 590 | _aniveau_biblio:m niveau_hierar:0 | ||
| 100 | 1 | _aLe Mouel, Jacques | |
| 700 | 1 | _aAgoff, Irene | |
| 856 | 4 | 1 |
_uhttps://www.biblioeco.unsa.edu.ar/pmb/images/libros/L128706.jpg _yImagen de portada _qimage/jpeg |
| 999 |
_c6128 _d6128 |
||